Leyes N§ 18.651 a la 18.675 aprobadas bajo la Constitución de 1980

Bewaard in:
Bibliografische gegevens
Formaat: Boek
Taal:Spaans
Gepubliceerd in: Santiago Jurídica de Chile 1988
Reeks:Textos Legales, 107
Onderwerpen:
Tags: Voeg label toe
Geen labels, Wees de eerste die dit record labelt!

MARC

LEADER 00000nam a2200000 a 4500
001 UCR0799
003 CL-VaPUC
008 971205e19880000CL |||||||||||||||||spa|d
082 0 4 |a 348.022  |b LEY  |2 21 
245 1 0 |a Leyes N§ 18.651 a la 18.675 aprobadas bajo la Constitución de 1980 
300 |a 227 p 
942 |c BK 
945 |d 19971205 00:00:00  |a lriquelm 
260 |a Santiago  |b Jurídica de Chile  |c 1988 
650 7 |a LEGISLACION  |2 CL-VaPUC  |9 397175 
650 0 |a Leyes  |9 256670 
650 7 |a FUENTES  |2 CL-VaPUC  |9 255666 
650 7 |a DERECHO CHILENO  |2 CL-VaPUC  |9 397176 
650 7 |a DECRETO CON FUERZA DE LEY  |2 CL-VaPUC  |9 358086 
651 7 |a CHILE  |2 CL-VaPUC  |9 397177 
583 |a last modification  |c 19971205 00:00:00  |k Rodrigo Vera 
490 0 |a Textos Legales, 107 
999 |c 264297  |d 264295